La letteratura italiana come non ve l'hanno mai insegnata : [carmi e componimenti amorosi, eroici e omoerotici].

সংরক্ষণ করুন:
গ্রন্থ-পঞ্জীর বিবরন
অন্যান্য লেখক: di Filippo, Rustico, Nuccoli, Cecco, Alighieri, Dante, Boccaccio, Giovanni, Beccadelli, Antonio, Pacifico, Massimo, Di Giovanni, Domenico, Leonardo da Vinci, Lorenzo de' Medici, Firenzuola, Agnolo, Machiavelli, Niccolò, Bembo, Pietro, Ariosto, Ludovico, Puttana errante, Recueil Conrart, Franco, Niccolò, Grazzini, Francesco, Venier, Lorenzo, Dolce, Ludovico, Scroffa, Cammillo, Magno, Clelio, Venire, Maffio, Tasso, Torquato, Galilei, Galielo, Marino, Giambattista, Ruspoli, Francesco, Casti, Giambattista, De Gamerra, Giovanni, Pananti, Filippo, Porta, Carlo, Belli, Giuseppe Gioacchino, Petra, Raffaele, Invernizio, Carolina, Russo, Ferdinando, Da Verona, Guido, Oriani, Alfredo, D'Annunzio, Gabriele, Buonarroti, Michelangelo, Aretino, Pietro, Rocco, Antonio, Baffo, Giorgio, Berni, Francesco, Palazzeschi, Aldo, Anonimo
বিন্যাস: গ্রন্থ
ভাষা:ইতালিয়
প্রকাশিত: Forlì : Zoe, c2008
বিষয়গুলি:
ট্যাগগুলো: ট্যাগ যুক্ত করুন
কোনো ট্যাগ নেই, প্রথমজন হিসাবে ট্যাগ করুন!

MARC

LEADER 00000nam a22000007i 4500
001 IT\ICCU\UBO\3498885
003 ItRI
005 20260304233218.0
008 081008s2008 it |||||| ||||| |||||c
020 |a 9788886865517 
040 |b ita  |c ct 
041 7 |a ita  |2 ISO-639-2 
082 |a 850.803543  |2 21 
245 0 3 |a La letteratura italiana come non ve l'hanno mai insegnata :  |b [carmi e componimenti amorosi, eroici e omoerotici]. 
260 |a Forlì :  |b Zoe,  |c c2008 
300 |a 110 p. ;  |c 20 cm 
500 |a Sul front.: Testi di Dante, Boccaccio, Ariosto, Tasso, Michelangelo, Galileo , Belli, Porta, d'Annunzio, Palazzeschi e altri. 
650 7 |a Letteratura erotica  |x Italia  |x Antologie  |2 scbi 
700 |a di Filippo, Rustico 
700 |a Nuccoli, Cecco 
700 |a Alighieri, Dante 
700 |a Boccaccio, Giovanni 
700 |a Beccadelli, Antonio 
700 |a Pacifico, Massimo 
700 |a Di Giovanni, Domenico 
700 |a Leonardo da Vinci 
700 |a Lorenzo de' Medici 
700 |a Firenzuola, Agnolo 
700 |a Machiavelli, Niccolò 
700 |a Bembo, Pietro 
700 |a Ariosto, Ludovico 
700 |a Puttana errante 
700 |a Recueil Conrart 
700 |a Franco, Niccolò 
700 |a Grazzini, Francesco 
700 |a Venier, Lorenzo 
700 |a Dolce, Ludovico 
700 |a Scroffa, Cammillo 
700 |a Magno, Clelio 
700 |a Venire, Maffio 
700 |a Tasso, Torquato 
700 |a Galilei, Galielo 
700 |a Marino, Giambattista 
700 |a Ruspoli, Francesco 
700 |a Casti, Giambattista 
700 |a De Gamerra, Giovanni 
700 |a Pananti, Filippo 
700 |a Porta, Carlo 
700 |a Belli, Giuseppe Gioacchino 
700 |a Petra, Raffaele 
700 |a Invernizio, Carolina 
700 |a Russo, Ferdinando 
700 |a Da Verona, Guido 
700 |a Oriani, Alfredo 
700 |a D'Annunzio, Gabriele 
700 |a Buonarroti, Michelangelo 
700 |a Aretino, Pietro 
700 |a Rocco, Antonio 
700 |a Baffo, Giorgio 
700 |a Berni, Francesco 
700 |a Palazzeschi, Aldo 
700 |a Anonimo 
942 |2 ddc  |c BK 
952 |0 0  |1 0  |2 ddc  |4 0  |6 B_LPS01ALIDALET11  |7 0  |9 9121  |a MI  |b MI  |d 2012-01-13  |i 6274  |l 0  |o B-LPS01-ALIDA-LET11  |p CDOM6274  |r 2025-07-17 21:50:45  |w 2025-07-17  |x ACQUISTO  |y BK 
952 |0 0  |1 0  |4 0  |6 DOC_850_800000000000000_LET  |7 0  |9 21244  |a BO  |b BO  |d 2026-01-15  |i 12130  |l 0  |o DOC 850.8 LET  |p BO12130  |r 2026-01-15 23:21:49  |w 2026-01-15  |x [Sebina 5] [1 v.]  |y BK  |z 1 v. 
999 |c 7943  |d 7943